জিলা পাবনার ইতিহাস (জিলা সিরাজগঞ্জসহ) / (Record no. 7406)
[ view plain ]
| 000 -LEADER | |
|---|---|
| fixed length control field | 01123nam a2200253 a 4500 |
| 001 - CONTROL NUMBER | |
| control field | 7406 |
| 003 - CONTROL NUMBER IDENTIFIER | |
| rucl marc code | BD-RjUL |
| 005 - DATE AND TIME OF LATEST TRANSACTION | |
| control field | 20211208234417.0 |
| 008 - FIXED-LENGTH DATA ELEMENTS--GENERAL INFORMATION | |
| fixed length control field | 150114s1986 bg a 000 0 ben |
| 020 ## - INTERNATIONAL STANDARD BOOK NUMBER | |
| Terms of availability | : Tk. 480.00 |
| 035 ## - SYSTEM CONTROL NUMBER | |
| System control number | (BD-RjUL)7449 |
| 040 ## - CATALOGING SOURCE | |
| Original cataloging agency | BD-RjUL |
| Transcribing agency | BD-RjUL |
| Modifying agency | BD-RjUL |
| Language of cataloging | ben |
| 041 ## - LANGUAGE CODE | |
| Language code of text/sound track or separate title | ben |
| 082 ## - DEWEY DECIMAL CLASSIFICATION NUMBER | |
| Classification number | 954.924 |
| Author mark and year | BAZ 1986 |
| Edition number | 23 |
| 100 1# - MAIN ENTRY--PERSONAL NAME | |
| Personal name | বদরুদ্দোজা, চৌধুরী মহাম্মদ |
| 9 (RLIN) | 220930 |
| 245 10 - TITLE STATEMENT | |
| Title | জিলা পাবনার ইতিহাস (জিলা সিরাজগঞ্জসহ) / |
| Statement of responsibility, etc. | চৌধুরী মহাম্মদ বদরুদ্দোজা |
| 250 ## - EDITION STATEMENT | |
| Edition statement | ১ম সং. |
| 260 ## - PUBLICATION, DISTRIBUTION, ETC. (IMPRINT) | |
| Place of publication, distribution, etc. | পাবনা : |
| Name of publisher, distributor, etc. | লেখক, |
| Date of publication, distribution, etc. | ১৯৮৬ |
| 300 ## - PHYSICAL DESCRIPTION | |
| Pagination | বিভিন্ন পৃ. : |
| Illustrations | চিত্র ; |
| Size | ২২ সেমি. |
| 500 ## - GENERAL NOTE | |
| General note | "একত্রে ১ম, ২য়, ৩য় খণ্ডত্রয় (জিলা সিরাজগঞ্জসহ)" |
| 651 ## - SUBJECT ADDED ENTRY--GEOGRAPHIC NAME | |
| Geographic name | বাংলাদেশ |
| Geographic subdivision | পাবনা জিলা |
| Form subdivision | ইতিহাস |
| 9 (RLIN) | 220931 |
| Geographic name | Bangladesh |
| Geographic subdivision | Pabna |
| Form subdivision | History |
| 9 (RLIN) | 234579 |
| 942 ## - ADDED ENTRY ELEMENTS (KOHA) | |
| Source of classification or shelving scheme | Dewey Decimal Classification |
| Koha item type | Books |
| Lost status | Source of classification or shelving scheme | Damaged status | Not for loan | Collection code | Permanent Location | Current Location | Shelving location | Date acquired | Source of acquisition | Cost, normal purchase price | Total Checkouts | Full call number | Date last seen | Copy number | Koha item type |
|---|---|---|---|---|---|---|---|---|---|---|---|---|---|---|---|
| Dewey Decimal Classification | Not For Loan | Rare Books | Central Library, University of Rajshahi | Central Library, University of Rajshahi | Rare Book Section | 06/10/1988 | Author | 480.00 | BRA 954.924 BAZ 1986 | 04/04/2018 | C-1 | Rare Books | |||
| Dewey Decimal Classification | Non-fiction | Central Library, University of Rajshahi | Central Library, University of Rajshahi | 03/02/1991 | The Author | 480.00 | B 954.924 BAZ 1986 | 05/11/2019 | C-2 | Books | |||||
| Dewey Decimal Classification | Non-fiction | Central Library, University of Rajshahi | Central Library, University of Rajshahi | 03/02/1991 | The Author | 480.00 | B 954.924 BAZ 1986 | 05/11/2019 | C-3 | Books | |||||
| Dewey Decimal Classification | Non-fiction | Central Library, University of Rajshahi | Central Library, University of Rajshahi | 03/02/1991 | The Author | 480.00 | B 954.924 BAZ 1986 | 05/11/2019 | C-4 | Books | |||||
| Dewey Decimal Classification | Non-fiction | Central Library, University of Rajshahi | Central Library, University of Rajshahi | 11/08/1996 | The Author | 480.00 | B 954.924 BAZ 1986 | 05/11/2019 | C-5 | Books | |||||
| Dewey Decimal Classification | Non-fiction | Central Library, University of Rajshahi | Central Library, University of Rajshahi | 11/08/1996 | The Author | 480.00 | B 954.924 BAZ 1986 | 05/11/2019 | C-6 | Books |